Greatest Video Games of all Time - Statistics

General Stats
  • This quiz has been taken 55 times
    10 since last reset
  • The average score is 19 of 34
Answer Stats
Developers Release Date Answer % Correct
Rockstar Games 2013 Grand Theft Auto V
100%
Nintendo 2017 Legend of Zelda: Breath of the Wild
100%
Nintendo 1998 Legend of Zelda: Ocarina of Time
100%
Mojang Studios 2011 Minecraft
100%
Nintendo 1985 Super Mario Bros
100%
Nintendo 1981 Donkey Kong
80%
Nintendo 2023 Legend of Zelda: Tears of the Kingdom
80%
Nintendo 2017 Mario Kart 8 Deluxe
80%
Nintendo 2008 Mario Kart Wii
80%
Rockstar Games 2018 Red Dead Redemption 2
80%
SEGA 1991 Sonic the Hedgehog
80%
Alexey Pajitnov + SEGA 1984 Tetris
80%
Infinity Ward / Activision 2003 Call of Duty
60%
EPIC Games 2017 Fortnite
60%
EA 1988 Madden
60%
Blizzard Entertainment 2016 Overwatch
60%
Namico 1980 Pac Man
60%
Capcom 2005 Resident Evil 4
60%
Nintendo 2001 Super Smash Bros. Melee
60%
Nintendo 2006 Wii Sports
60%
Nintendo 2020 Animal Crossing: New Horizons
40%
EA 2000 The Sims
40%
CD Projekt 2015 The Witcher 3: Wild Hunt
40%
Rovio 2009 Angry Birds
20%
Wild Card 2015 Ark: Survival Evolved
20%
Supercell 2012 Clash of Clans
20%
Supercell 2016 Clash Royale
20%
RobTop Games 2013 Geometry Dash
20%
Frontier 2021 Jurassic World Evolution 2
20%
Frontier 2025 Jurassic World Evolution 3
20%
EA / Pop Cap Games 2009 Plants vs Zombies
20%
Psyonix 2015 Rocket League
20%
Nintendo 2018 Super Smash Bros. Ultimate
20%
Frontier 2019 Planet Zoo
0%
No matching quizzes found
Score Distribution
Percent of People with Each Score
Percentile by Number Answered
Your Score History
You have not taken this quiz since the last reset